000 00661cam a22002413a 4500
001 30819
003 PGUSA
005 20140828083651.0
008 091231s2009||||xxu|||||s|||||000 | eng d
040 _aPGUSA
_beng
042 _adc
050 4 _aTE
100 1 _aDonne, William Bodham,
_d1807-1882
245 1 0 _aOld Roads and New Roads
_h[electronic resource] /
_cWilliam Bodham Donne
260 _bProject Gutenberg,
_c2009
506 _aPublic domain in the USA.
516 _aElectronic text
653 _aRoads
653 _aRoads -- History
830 0 _aProject Gutenberg
_v30819
856 4 0 _uhttp://www.gutenberg.org/ebooks/30819
942 _cEB
999 _c260074
_d260074